| 000 | 00505cam a2200205ua 4500 | ||
|---|---|---|---|
| 020 | _c47.50 | ||
| 041 |
_aeng _h |
||
| 082 |
_a531 _bSYN/PR |
||
| 100 | _aSynge, John L . | ||
| 245 |
_aPrinciples of mechanics / _cJohn L Synge. _hTextual Documents |
||
| 250 |
_a3 / _b. |
||
| 260 |
_aNew York : _bMcGraw Hill Book Company , _c1959. |
||
| 300 | _a552 ; . | ||
| 365 | _a47.50 | ||
| 504 | _a | ||
| 700 | 1 | _aGriffith , Byron A. | |
| 942 | _cBK | ||
| 999 |
_c11039 _d11039 |
||